|
|
|
|
| LEADER |
00578nam a2200133Ia 4500 |
| 001 |
175640 |
| 008 |
170722s9999 xx 000 0 und d |
| 245 |
|
|
|a Vyashavattam sahithykootayma navasahitya darsanangal /
|
| 260 |
|
|
|b India books
|a Thiruvananthapuram
|c 2009
|
| 300 |
|
|
|a P;119
|
| 942 |
|
|
|c GEN
|
| 999 |
|
|
|c 28061
|d 28061
|
| 952 |
|
|
|0 0
|1 0
|4 0
|6 O_GX_32P91KRP913
|7 0
|8 KR
|9 32752
|a LIB
|b LIB
|d 2017-08-12
|o O:gx 32P91(KR)-P91;3
|p G365448
|r 2017-08-12
|v 0.00
|w 2017-08-12
|y GEN
|
| 952 |
|
|
|0 0
|1 0
|4 0
|6 O_GX_32P91KRP913
|7 0
|9 32753
|a LIB
|b LIB
|d 2017-08-12
|o O:gx 32P91(KR)-P91;3
|p G365449
|r 2017-08-12
|v 0.00
|w 2017-08-12
|y GEN
|